| 000 | 01218nam a2200325Ia 4500 | ||
|---|---|---|---|
| 001 | dia_3377 | ||
| 003 | CHAP | ||
| 005 | 20230331094202.0 | ||
| 008 | 220117s1960 xx 000 0 und d | ||
| 010 | _a173844 | ||
| 040 | _cCHAP | ||
| 082 | _a338.1 F73 1960 | ||
| 100 |
_aFreebairn, Donald K. _943105 |
||
| 245 |
_aMetodología de la investigación en economía agrícola : con especial referencia a la economía de la producción / _c Donald K. Freebairn |
||
| 260 |
_aMéxico : _b ENA, _c1960 |
||
| 300 | _a100 p. | ||
| 500 | _aEn portada: "Conferencias dictadas por Donald K. Freebairn en el Primer Curso Nacional Intensivo sobre Economía Agrícola del 10 al 30 de enero de 1960" | ||
| 504 | _aBibliografía: p. 98-100 | ||
| 590 | _aS540.A2 F73 1960 | ||
| 650 |
_aAgricultura _xAspectos económicos |
||
| 650 |
_aAgricultura _xInvestigaciones _9154581 |
||
| 650 |
_aAgriculture _xEconomical aspects _9147583 |
||
| 650 |
_aAgriculture _xResearch _9150946 |
||
| 650 |
_aEconomic research _9154582 |
||
| 650 |
_aInvestigación económica _9154583 |
||
| 901 | _a338.1 F73 1960 | ||
| 902 | _aM | ||
| 905 | _a5232271960 MX n 8225223322SPA16 | ||
| 942 |
_cLIBRO _2ddc |
||
| 999 |
_c173844 _d173844 |
||